000 004530000a22001810004500
020 _a0-385-26496-8
041 0 _aENG
082 0 4 _aG 685.4 D424e
100 1 _aDe Pree, Max
245 1 0 _aLeadership is an art / Max De Pree
260 _aNew York, N.Y., USA : Doubleday
300 _aXXII, 136 Pag
001 10633
942 _cBK
999 _c40133
_d40133
336 _atexto
_btxt
_2rdacontent
337 _2rdamedia
_asin mediación
_bn
338 _2rdacarrier
_avolumen
_bnc